000 00570nam a22001937a 4500
999 _c528037
_d528037
003 NUST
005 20190826100821.0
008 190826b ||||| |||| 00| 0 eng d
038 _aFaiza
082 _a901.9
_bABD
100 _aAbdul Rasool, Muhammad
_919555
245 _aTarikh-e Tehzeeb Insani /
_cMuhammad Abdul Rasool
260 _aSargodha,
_bUniversity of Sargodha:
_c2008.
300 _a280p. ;
500 _aHard Cover
880 _6100-01\r
_aمحمد عبدالرسول
880 _6245-02\r
_a /تاریخِ تہذیبِ انسانی
942 _2ddc
_cBK